Guess the 1960s song lyrics #295 - Statistics

General Stats
  • This quiz has been taken 16 times
  • The average score is 209 of 500
Answer Stats
Answer % Correct
You
100%
you
100%
a
92%
an
92%
can
92%
I
92%
the
92%
when
83%
be
75%
of
75%
So
75%
and
67%
And
67%
any
67%
get
67%
He
67%
her
67%
it
67%
on
67%
This
67%
We
67%
we
67%
what
67%
your
67%
at
58%
for
58%
from
58%
in
58%
is
58%
just
58%
Just
58%
to
58%
want
58%
where
58%
why
58%
about
50%
all
50%
anything
50%
go
50%
how
50%
if
50%
my
50%
one
50%
she
50%
that
50%
they
50%
up
50%
us
50%
as
42%
had
42%
have
42%
him
42%
it's
42%
know
42%
Now
42%
off
42%
song
42%
time
42%
Alice
33%
Alice's
33%
Arlo Guthrie
33%
around
33%
But
33%
but
33%
did
33%
down
33%
got
33%
name
33%
never
33%
not
33%
out
33%
Restaurant
33%
restaurant
33%
right
33%
said
33%
take
33%
their
33%
there
33%
took
33%
would
33%
Yes
33%
back
25%
lie
25%
like
25%
our
25%
than
25%
that's
25%
That's
25%
two
25%
Walk
25%
was
25%
with
25%
After
17%
beat
17%
before
17%
better
17%
big
17%
call
17%
called
17%
came
17%
city
17%
couldn't
17%
didn't
17%
doesn't
17%
find
17%
heard
17%
live
17%
long
17%
Officer
17%
ours
17%
place
17%
put
17%
road
17%
tell
17%
ton
17%
used
17%
Well
17%
went
17%
also
8%
another
8%
bottom
8%
dump
8%
envelope
8%
eyes
8%
five
8%
found
8%
friend
8%
garbage
8%
half
8%
information
8%
into
8%
little
8%
lives
8%
mile
8%
morning
8%
Obie
8%
phone
8%
pick
8%
railroad
8%
side
8%
started
8%
sunset
8%
there's
8%
Til
8%
track
8%
under
8%
until
8%
VW
8%
wanted
8%
years
8%
across
0%
ago
0%
arrived
0%
bell
0%
bring
0%
cannot
0%
chain
0%
church
0%
cliff
0%
Closed
0%
closed
0%
decided
0%
destruction
0%
dinner
0%
dog
0%
downstairs
0%
drove
0%
Fasha
0%
fifteen
0%
finally
0%
foot
0%
forty
0%
friendly
0%
gesture
0%
having
0%
headed
0%
husband
0%
implements
0%
Kid
0%
living
0%
looking
0%
lot
0%
matter
0%
Microbus
0%
minutes
0%
nearby
0%
next
0%
pews
0%
pile
0%
piles
0%
rakes
0%
rather
0%
Ray
0%
red
0%
room
0%
saying
0%
seeing
0%
shovels
0%
sign
0%
sir
0%
sleep
0%
speak
0%
speaking
0%
tears
0%
telephone
0%
Thanksgiving
0%
Thanksgivings
0%
throw
0%
toward
0%
tower
0%
truth
0%
visit
0%
No matching quizzes found
Score Distribution
Percent of People with Each Score
Percentile by Number Answered
Your Score History
You have not taken this quiz